[Event "3e Open International des Sables d'Olonn"]
[Site "Les Sables d'Olonne ; France"]
[Date "2016.07.20"]
[Round "6.3"]
[White "Calistri, Tristan"]
[Black "Bailet, Pierre"]
[Result "1/2-1/2"]
[WhiteElo "2300"]
[BlackElo "2500"]
[PlyCount "53"]
[EventDate "2016.??.??"]

1. e4 e5 2. Nf3 Nc6 3. Bb5 a6 4. Ba4 Nf6 5. O-O d6 6. Bxc6+ bxc6 7. d4 Be7 8.
Re1 exd4 9. Nxd4 Bd7 10. c4 O-O 11. Nc3 Re8 12. b3 c5 13. Nc2 Bc6 14. Bb2 Bf8
15. Qf3 Qd7 16. Nd5 Bxd5 17. exd5 Qg4 18. Bxf6 Qxf3 19. gxf3 gxf6 20. Rxe8 Rxe8
21. Re1 Rb8 22. Kf1 Bh6 23. Re7 Rc8 24. Ne3 Bxe3 25. Rxe3 a5 26. Ke2 Kf8 27.
Kd2 1/2-1/2

[Event "3e Open International des Sables d'Olonn"]
[Site "Les Sables d'Olonne ; France"]
[Date "2016.07.20"]
[Round "6.4"]
[White "Stets, Dmitry"]
[Black "Lucidarme, Damien"]
[Result "1-0"]
[WhiteElo "2416"]
[BlackElo "1827"]
[PlyCount "35"]
[EventDate "2016.??.??"]

1. e4 e5 2. Nf3 f5 3. Nxe5 Qf6 4. d4 d6 5. Nc4 fxe4 6. Nc3 Qg6 7. Qe2 Nf6 8. f3
Nc6 9. Be3 exf3 10. gxf3 Bf5 11. d5 Ne7 12. O-O-O a6 13. Na5 O-O-O 14. Nxb7
Bxc2 15. Qxa6 Kd7 16. Bb5+ c6 17. dxc6+ Ke6 18. Nxd8+ 1-0

[Event "3e Open International des Sables d'Olonn"]
[Site "Les Sables d'Olonne ; France"]
[Date "2016.07.20"]
[Round "6.5"]
[White "Kirk, Ezra"]
[Black "Duboue, Peio"]
[Result "1/2-1/2"]
[WhiteElo "2349"]
[BlackElo "2400"]
[Annotator "Violeau,Jean-Luc"]
[PlyCount "93"]
[EventDate "2016.??.??"]

1. d4 d6 2. c4 Nf6 3. Nf3 c6 4. Nc3 Bf5 5. g3 g6 6. Bg2 Bg7 7. O-O O-O 8. Ne1
Qc8 9. d5 Bh3 10. Nd3 Bxg2 11. Kxg2 cxd5 12. cxd5 Qc4 13. Qb3 Qxb3 14. axb3
Nbd7 15. f3 Rfc8 16. e4 Ne8 17. Bd2 a6 18. Rfc1 Rc7 19. Ne2 Rac8 20. Bc3 Nc5
21. Nxc5 Rxc5 22. Kf2 e6 23. Bxg7 Kxg7 24. dxe6 Rxc1 25. Rxc1 Rxc1 26. Nxc1
fxe6 27. Ke3 Kf6 28. h4 Ke7 29. Nd3 Kd7 30. g4 b6 {(=)} 31. Kf4 h6 32. Ke3 Ke7
33. f4 Nf6 34. g5 hxg5 35. fxg5 Nd7 36. Nb4 Nb8 37. Kf4 a5 38. Nd3 Na6 39. b4
axb4 40. e5 d5 41. Ke3 b3 42. Kd4 Nc7 43. Kc3 Nb5+ 44. Kxb3 Nd4+ 45. Kb4 Kf7
46. Ka4 Ke7 47. Kb4 {(=)} 1/2-1/2

[Event "3e Open International des Sables d'Olonn"]
[Site "Les Sables d'Olonne ; France"]
[Date "2016.07.20"]
[Round "6.6"]
[White "Chabanon, Jean-Luc"]
[Black "Navrotescu, Andreea-Cristiana"]
[Result "1/2-1/2"]
[WhiteElo "2466"]
[BlackElo "2289"]
[PlyCount "118"]
[EventDate "2016.??.??"]

1. d4 e6 2. e4 d5 3. Nc3 Bb4 4. exd5 exd5 5. Bd3 Nf6 6. Nge2 Bg4 7. f3 Bh5 8.
a3 Be7 9. Ng3 Bg6 10. Nce2 Bxd3 11. Qxd3 O-O 12. Bd2 Re8 13. Bb4 Nbd7 14. O-O
c5 15. dxc5 a5 16. Bc3 Bxc5+ 17. Kh1 Qb6 18. a4 Rac8 19. Nf5 Ne5 20. Qd2 Bb4
21. Bxb4 axb4 22. a5 Qc5 23. Qg5 Ng6 24. Ned4 Ra8 25. Rad1 Ra6 26. Rfe1 Rxe1+
27. Rxe1 h6 28. Qg3 Kh7 29. Qb8 Rxa5 30. Qxb7 Ra7 31. Qc6 Qxc6 32. Nxc6 Ra2 33.
Rb1 b3 34. c3 Nd7 35. Nb4 Ra5 36. Nd4 Nc5 37. Nxd5 Ne5 38. Nb4 Nc4 39. Kg1 g5
40. Kf2 Ra8 41. g4 Re8 42. Kg3 Kg6 43. h4 gxh4+ 44. Kxh4 Re5 45. Kg3 h5 46.
gxh5+ Kxh5 47. Ra1 Kg6 48. f4 Rh5 49. Na6 Ne4+ 50. Kg2 f5 51. Nb4 Ne3+ 52. Kf3
Rh3+ 53. Ke2 Ng4 54. Ra6+ Kh5 55. Nxf5 Rh2+ 56. Kf3 Nd2+ 57. Kg3 Nf1+ 58. Kf3
Nd2+ 59. Kg3 Nf1+ 1/2-1/2

[Event "3e Open International des Sables d'Olonn"]
[Site "Les Sables d'Olonne ; France"]
[Date "2016.07.20"]
[Round "6.7"]
[White "Okhotnik, Vladimir"]
[Black "Bogdanov, Egor"]
[Result "1-0"]
[WhiteElo "2454"]
[BlackElo "2269"]
[Annotator "Violeau,Jean-Luc"]
[PlyCount "60"]
[EventDate "2016.??.??"]

1. e4 c5 2. Nf3 d6 3. Bb5+ Nd7 4. c3 Ngf6 5. Qe2 a6 6. Ba4 e6 7. O-O Be7 8. d4
O-O 9. Bc2 e5 10. dxe5 Nxe5 11. Nxe5 dxe5 12. a4 Qc7 13. Na3 Be6 14. Bd3 Rfd8
15. Bg5 Nh5 16. Bc4 Bxc4 17. Nxc4 g6 18. Bh6 Bf8 19. Bxf8 Nf4 20. Qc2 Kxf8 21.
a5 Qe7 22. g3 Qe6 23. Ne3 Nh5 24. Rfd1 Nf6 25. f3 Kg7 26. Kg2 h5 27. h4 Rac8
28. b3 Qe7 29. Nc4 Rxd1 30. Rxd1 Rd8 {puis gain blanc au coup 56.} 1-0

[Event "3e Open International des Sables d'Olonn"]
[Site "Les Sables d'Olonne ; France"]
[Date "2016.07.20"]
[Round "6.8"]
[White "Tirard, Hugo"]
[Black "Hutois, Mickael"]
[Result "1/2-1/2"]
[WhiteElo "2452"]
[BlackElo "2223"]
[Annotator "Violeau,Jean-Luc"]
[PlyCount "150"]
[EventDate "2016.??.??"]

1. e4 e5 2. Nf3 Nc6 3. Bb5 g6 4. O-O Bg7 5. c3 Nge7 6. d4 exd4 7. cxd4 a6 8.
Bxc6 dxc6 9. Nc3 O-O 10. Re1 h6 11. h3 Kh7 12. Bf4 f5 13. exf5 Nxf5 14. Be5 Be6
15. Qc2 Bg8 {(=)} 16. Re4 Qd7 17. Rae1 Rae8 18. Bxg7 Kxg7 19. Ne5 Qd6 20. R1e2
Bh7 21. Nf3 Qd7 22. Na4 Bg8 23. Nc5 Qc8 24. g4 Nd6 25. Re7+ Rxe7 26. Rxe7+ Rf7
27. Qe2 Kh7 28. Nd7 Qd8 29. Nf6+ Kg7 30. Nxg8 Kxg8 31. Re6 Rf6 32. Qe5 Kf7 33.
Rxf6+ Qxf6 34. Qe3 Kg7 35. Ne5 Qe6 36. b3 Qd5 37. f3 Nb5 38. Nd3 Qxd4 39. Kf2
b6 40. Qxd4+ Nxd4 41. Ke3 Nc2+ 42. Ke4 Kf6 43. f4 a5 44. Ne5 Nb4 45. a4 c5 46.
h4 Nc2 47. g5+ hxg5 48. hxg5+ Kg7 49. Nf3 c6 50. Ne5 Nb4 51. Nc4 Nd5 52. Ke5
Kf7 53. Kd6 Nxf4 54. Ne5+ Ke8 55. Kxc6 Ne6 56. Kxb6 Nxg5 57. Kxa5 Kd8 58. Kb6
Ne4 59. a5 Kc8 60. a6 Kb8 61. a7+ Ka8 62. Nc4 Nc3 63. Nd6 Nd5+ 64. Kxc5 Ne7 65.
Kb6 g5 66. Nb5 Nd5+ 67. Kc5 Ne7 68. Kb6 Nd5+ 69. Kc5 Ne7 70. Kd6 Nc8+ 71. Ke5
Nxa7 72. Nd4 Kb7 73. Kf5 Nc6 74. Nc2 Na5 75. Kxg5 Nxb3 1/2-1/2

[Event "3e Open International des Sables d'Olonn"]
[Site "Les Sables d'Olonne ; France"]
[Date "2016.07.20"]
[Round "6.9"]
[White "Colin, Vincent"]
[Black "Da Ces, Philippe"]
[Result "1-0"]
[WhiteElo "2395"]
[BlackElo "1994"]
[PlyCount "53"]
[EventDate "2016.??.??"]

1. e4 c6 2. d4 d5 3. exd5 cxd5 4. c4 Nf6 5. Nc3 Nc6 6. Bg5 e6 7. Nf3 Be7 8. Rc1
Ne4 9. Bxe7 Qxe7 10. Bd3 Nxc3 11. Rxc3 dxc4 12. Bxc4 O-O 13. O-O Rd8 14. a3 Qd6
15. Rd3 Ne7 16. Re1 Nd5 17. Ne5 Bd7 18. Qh5 Be8 19. Rh3 h6 20. Rg3 Kf8 21. Qg4
g6 22. Nxg6+ fxg6 23. Rxe6 Qc7 24. Rxg6 Bxg6 25. Qxg6 Qxc4 26. Qxh6+ Ke8 27.
Qe6+ 1-0

[Event "3e Open International des Sables d'Olonn"]
[Site "Les Sables d'Olonne ; France"]
[Date "2016.07.20"]
[Round "6.10"]
[White "Renaze, Luc"]
[Black "Cotonnec, Melkior"]
[Result "1-0"]
[WhiteElo "2257"]
[BlackElo "2313"]
[PlyCount "61"]
[EventDate "2016.??.??"]

1. d4 e6 2. c4 f5 3. Nc3 Nf6 4. Nf3 Be7 5. g3 O-O 6. Bg2 d6 7. O-O Ne4 8. Qc2
Nxc3 9. Qxc3 a5 10. b3 Nc6 11. Bb2 Bf6 12. Rad1 Qe7 13. Qc2 e5 14. dxe5 dxe5
15. e4 Nb4 16. Qb1 fxe4 17. Qxe4 Nxa2 18. Nxe5 c6 19. Rfe1 Nb4 20. Nd7 Qxe4 21.
Nxf6+ gxf6 22. Rxe4 Bf5 23. Rf4 Bc2 24. Rg4+ Kf7 25. Rd7+ Ke6 26. Rgd4 Kf5 27.
Bh3+ Kg6 28. Rg4+ Kh5 29. Rdg7 Kh6 30. Bc1+ Kh5 31. Rh4# 1-0

[Event "3e Open International des Sables d'Olonn"]
[Site "Les Sables d'Olonne ; France"]
[Date "2016.07.20"]
[Round "7.1"]
[White "Grishchenko, Sergey"]
[Black "Stets, Dmitry"]
[Result "1/2-1/2"]
[WhiteElo "2441"]
[BlackElo "2416"]
[Annotator "Violeau,Jean-Luc"]
[PlyCount "72"]
[EventDate "2016.??.??"]

1. d4 Nf6 2. c4 g6 3. Nc3 Bg7 4. e4 d6 5. Be2 O-O 6. Bg5 h6 7. Be3 c5 8. dxc5
Qa5 9. Qd2 dxc5 10. Bxh6 Rd8 11. Qe3 Bxh6 12. Qxh6 Nxe4 13. Rc1 Nc6 14. Nf3 Nd4
15. h4 Nxc3 16. bxc3 Nxf3+ 17. Bxf3 Qc7 18. h5 Qe5+ 19. Kf1 Bf5 20. hxg6 Bxg6
21. g3 Qf6 22. Rh4 Bd3+ 23. Kg2 Qxh6 24. Rxh6 Kg7 25. Rh4 e6 26. Bxb7 Rab8 27.
Bf3 Bg6 28. Bh5 Bf5 29. Rf4 Rb2 30. Re1 Rxa2 31. g4 Bg6 32. Bxg6 Kxg6 33. Rb1
Rd7 34. Rb8 Kg7 35. Rc8 Rc2 36. Rxc5 Rxc3 {1/2-1/2 Grishchenko,S (2441)-Stets,
D (2416)/Open 2016} 1/2-1/2

[Event "3e Open International des Sables d'Olonn"]
[Site "Les Sables d'Olonne ; France"]
[Date "2016.07.20"]
[Round "7.2"]
[White "Lagarde, Maxime"]
[Black "Ruhlmann, Helene"]
[Result "1-0"]
[WhiteElo "2575"]
[BlackElo "1730"]
[Annotator "Violeau,Jean-Luc"]
[PlyCount "43"]
[EventDate "2016.??.??"]

1. e4 c6 2. c4 d5 3. exd5 cxd5 4. cxd5 Nf6 5. Nc3 Nxd5 6. Nf3 Nc6 7. Bb5 Nxc3
8. bxc3 Qd6 9. O-O g6 10. Qa4 Bg7 11. Ba3 Qc7 12. Rfe1 Bf6 13. d4 O-O 14. Bxc6
bxc6 15. Ne5 Bb7 16. Re2 Rfd8 17. Ng4 Rd5 18. Rae1 Ra5 19. Nxf6+ exf6 20. Re8+
Rxe8 21. Rxe8+ Kg7 22. Bf8+ {1-0 Lagarde,M (2575)-Ruhlmann,H (1730)/Open 2016}
1-0

[Event "3e Open International des Sables d'Olonn"]
[Site "Les Sables d'Olonne ; France"]
[Date "2016.07.20"]
[Round "7.4"]
[White "Calistri, Tristan"]
[Black "Okhotnik, Vladimir"]
[Result "1/2-1/2"]
[WhiteElo "2300"]
[BlackElo "2454"]
[PlyCount "54"]
[EventDate "2016.??.??"]

1. e4 Nc6 2. Nf3 g6 3. d4 Bg7 4. c4 d6 5. Be2 Bg4 6. Nbd2 e5 7. d5 Nce7 8. h3
Bd7 9. c5 Nf6 10. cxd6 cxd6 11. O-O Nh5 12. Nc4 Nc8 13. a4 h6 14. Re1 O-O 15.
Bf1 Nf4 16. Qb3 Rb8 17. Qa3 Qf6 18. Bd2 Re8 19. Bb4 Bf8 20. Rec1 Be7 21. Ne1 h5
22. Nd3 g5 23. Ne3 Bd8 24. Nc4 Be7 25. Ne3 Qg6 26. Rc7 Nxd3 27. Bxd3 Rd8
1/2-1/2

[Event "3e Open International des Sables d'Olonn"]
[Site "Les Sables d'Olonne ; France"]
[Date "2016.07.20"]
[Round "7.5"]
[White "Duboue, Peio"]
[Black "Renaze, Luc"]
[Result "1-0"]
[WhiteElo "2400"]
[BlackElo "2257"]
[PlyCount "95"]
[EventDate "2016.??.??"]

1. e4 e5 2. Nf3 Nc6 3. Bc4 Bc5 4. O-O Nf6 5. d3 d6 6. c3 h6 7. a4 a6 8. b4 Ba7
9. Be3 O-O 10. Bxa7 Rxa7 11. Re1 Ra8 12. Nbd2 Ne7 13. Nf1 Ng6 14. Ng3 Nh7 15.
d4 Ng5 16. dxe5 Nxf3+ 17. Qxf3 Nxe5 18. Qe2 Nxc4 19. Qxc4 Be6 20. Qd4 Qg5 21.
a5 Rad8 22. Rad1 Kh8 23. Qe3 Qxe3 24. Rxe3 g6 25. Ne2 f5 26. Nf4 Bf7 27. exf5
g5 28. Ne6 Bxe6 29. Rxe6 Kg7 30. g4 Rf6 31. Rde1 Rxe6 32. Rxe6 Rd7 33. Kg2 d5
34. Re3 c5 35. bxc5 Rc7 36. Kg3 Rxc5 37. f4 Rxa5 38. fxg5 hxg5 39. h4 gxh4+ 40.
Kxh4 Kf7 41. Kg5 Rc5 42. Rh3 Kg8 43. Kg6 Rc6+ 44. f6 a5 45. g5 a4 46. Rh7 Ra6
47. Rxb7 Ra8 48. Rg7+ 1-0

[Event "3e Open International des Sables d'Olonn"]
[Site "Les Sables d'Olonne ; France"]
[Date "2016.07.20"]
[Round "7.6"]
[White "Le Goff, Ronan"]
[Black "Kirk, Ezra"]
[Result "1/2-1/2"]
[WhiteElo "2321"]
[BlackElo "2349"]
[PlyCount "148"]
[EventDate "2016.??.??"]

1. d4 Nc6 2. Nf3 d6 3. e4 Nf6 4. Nc3 e5 5. h3 exd4 6. Nxd4 g6 7. Be3 Bg7 8. g3
O-O 9. Bg2 Bd7 10. O-O Re8 11. Nde2 Rb8 12. a4 a6 13. Qc1 Qc8 14. Kh2 b5 15.
axb5 axb5 16. Nf4 b4 17. Ncd5 Nxe4 18. Re1 f5 19. f3 Nc5 20. Nd3 Be6 21. N5f4
Bf7 22. Nxc5 dxc5 23. Nd3 c4 24. f4 Ne7 25. Ne5 Bxe5 26. fxe5 Bd5 27. Bf1 Qe6
28. Qd2 Nc6 29. Bf4 b3 30. Rad1 bxc2 31. Qxc2 Nb4 32. Qc3 c6 33. Bxc4 Bxc4 34.
Rd6 Qf7 35. e6 Bxe6 36. Rdxe6 Rxe6 37. Bxb8 Nd5 38. Qa5 Re8 39. Bd6 Rxe1 40.
Qxe1 f4 41. gxf4 Nxf4 42. Qc1 Nxh3 43. Qxc6 Ng5 44. Qc8+ Kg7 45. Qc5 Qf6 46. b4
Ne4 47. Qa7+ Kh6 48. Qe3+ g5 49. Qxe4 Qxd6+ 50. Kh3 Qd7+ 51. Kg3 Qd6+ 52. Kh3
Qd7+ 53. Kg3 Kh5 54. Qh1+ Kg6 55. Qe4+ Kh5 56. Qh1+ Kg6 57. Qe4+ Kh6 58. Qh1+
Kg7 59. Qe4 h5 60. Qe5+ Kg6 61. b5 h4+ 62. Kg2 Qd2+ 63. Kh1 Qd1+ 64. Kh2 Qc2+
65. Kh1 Qb1+ 66. Kh2 Qa2+ 67. Kh1 Qb3 68. Kh2 Qa2+ 69. Kh1 h3 70. Qe4+ Kh6 71.
Qc6+ Kh5 72. Qe8+ Kh4 73. Qe1+ Kg4 74. Qe4+ Kh5 1/2-1/2

[Event "3e Open International des Sables d'Olonn"]
[Site "Les Sables d'Olonne ; France"]
[Date "2016.07.20"]
[Round "7.7"]
[White "Najart, David"]
[Black "Chabanon, Jean-Luc"]
[Result "0-1"]
[WhiteElo "2159"]
[BlackElo "2466"]
[PlyCount "48"]
[EventDate "2016.??.??"]

1. c4 e5 2. g3 f5 3. Bg2 Nf6 4. Nc3 Nc6 5. e3 g6 6. Nge2 Bg7 7. O-O O-O 8. d4
e4 9. a3 Ne7 10. b4 d5 11. cxd5 Nexd5 12. Nxd5 Nxd5 13. g4 f4 14. Nxf4 Nxf4 15.
exf4 Be6 16. Be3 Qh4 17. Bxe4 Bxg4 18. Qb3+ Kh8 19. Bxb7 Be2 20. f3 Bxf1 21.
Bxa8 Bh3 22. Be4 Rxf4 23. Bxf4 Bxd4+ 24. Kh1 Qf2 0-1

[Event "3e Open International des Sables d'Olonn"]
[Site "Les Sables d'Olonne ; France"]
[Date "2016.07.20"]
[Round "7.8"]
[White "Megret, Jean"]
[Black "Tirard, Hugo"]
[Result "0-1"]
[WhiteElo "1959"]
[BlackElo "2452"]
[PlyCount "90"]
[EventDate "2016.??.??"]

1. e4 c5 2. Nf3 Nc6 3. d4 cxd4 4. Nxd4 e5 5. Nb5 d6 6. N1c3 a6 7. Na3 Be7 8.
Nd5 Nf6 9. Nxf6+ Bxf6 10. c3 Be6 11. Bc4 O-O 12. O-O b5 13. Bb3 Rc8 14. Nc2 a5
15. Ne3 Bg5 16. Nd5 a4 17. Bc2 Na5 18. Bxg5 Qxg5 19. Qd3 Nc4 20. b3 Nb2 21.
Qxb5 Bxd5 22. Qxd5 Rxc3 23. Bd1 Rd3 24. Qb5 Qd2 25. Bf3 a3 26. Qa6 Qb4 27. Rab1
Rd2 28. Rbc1 g6 29. Rc7 Nd3 30. Rc4 Qb8 31. Qxa3 Qb6 32. h3 Nxf2 33. Kh2 Qe3
34. Qc1 Qf4+ 35. Kg1 Nxh3+ 36. Kh1 Qh6 37. Bh5 Qg5 38. Bg4 Nf2+ 39. Rxf2 Qh4+
40. Bh3 Qxf2 41. a4 Qe2 42. Kh2 h5 43. a5 h4 44. b4 Rd1 45. Qc2 Qe1 0-1

[Event "3e Open International des Sables d'Olonn"]
[Site "Les Sables d'Olonne ; France"]
[Date "2016.07.20"]
[Round "7.10"]
[White "Bedouin, Xavier"]
[Black "Collinet, Nicolas"]
[Result "1-0"]
[WhiteElo "2341"]
[BlackElo "1959"]
[PlyCount "93"]
[EventDate "2016.??.??"]

1. e4 e5 2. Nf3 Nc6 3. Bb5 a6 4. Ba4 Nf6 5. O-O Be7 6. Re1 b5 7. Bb3 O-O 8. c3
d6 9. h3 Na5 10. Bc2 c5 11. d4 Qc7 12. Nbd2 Bd7 13. Nf1 Rfc8 14. d5 Rab8 15.
Ng3 b4 16. Nh2 c4 17. f4 exf4 18. Bxf4 Qb6+ 19. Be3 Qb5 20. Nf3 b3 21. axb3
Nxb3 22. Ra2 Bd8 23. Kh1 Bb6 24. Bf4 Bc7 25. Bg5 Bd8 26. Bf4 Bc7 27. Nh4 Nc5
28. Nhf5 Rb6 29. Ne7+ Kh8 30. Nxc8 Bxc8 31. e5 dxe5 32. Bxe5 Bxe5 33. Rxe5 Nd3
34. Bxd3 cxd3 35. b4 Qc4 36. Qd2 Bb7 37. Ra5 Rb5 38. Rxb5 axb5 39. Nf5 Bc8 40.
Nd4 Bd7 41. Re3 Nxd5 42. Rxd3 Nf6 43. Re3 Qf1+ 44. Kh2 Qf4+ 45. Kg1 Nd5 46. Re2
Qc7 47. Nxb5 1-0

[Event "3e Open International des Sables d'Olonn"]
[Site "Les Sables d'Olonne ; France"]
[Date "2016.07.21"]
[Round "8.1"]
[White "Duboue, Peio"]
[Black "Grishchenko, Sergey"]
[Result "0-1"]
[WhiteElo "2400"]
[BlackElo "2441"]
[Annotator "Violeau,Jean-Luc"]
[PlyCount "68"]
[EventDate "2016.??.??"]

1. e4 c6 2. d4 d5 3. Nc3 dxe4 4. Nxe4 Nf6 5. Nxf6+ gxf6 6. Qd3 Nd7 7. Nf3 Nb6
8. Be2 Be6 9. b3 Qd7 10. c4 Bf5 11. Qc3 Rg8 12. O-O Bh3 13. Ne1 e5 14. Kh1 Bg4
15. Bxg4 Qxg4 16. dxe5 O-O-O 17. Qf3 fxe5 18. Be3 Qe6 19. a4 f5 20. a5 e4 21.
Qh3 Nd7 22. Nc2 Bg7 23. Rad1 a6 24. Rfe1 Qg6 25. Nd4 Rdf8 26. Bf4 Bxd4 27. Rxd4
Nc5 28. Bg3 Rd8 29. Rxd8+ Rxd8 30. Qh4 Nd3 31. Rf1 Rg8 32. Rg1 h5 33. h3 Qg5
34. Rd1 Nxf2+ {0-1 Duboue,P (2400)-Grishchenko,S (2441)/Open 2016} 0-1

[Event "3e Open International des Sables d'Olonn"]
[Site "Les Sables d'Olonne ; France"]
[Date "2016.07.21"]
[Round "8.2"]
[White "Stets, Dmitry"]
[Black "Lagarde, Maxime"]
[Result "1/2-1/2"]
[WhiteElo "2416"]
[BlackElo "2575"]
[Annotator "Violeau,Jean-Luc"]
[PlyCount "52"]
[EventDate "2016.??.??"]

1. e4 c5 2. Nf3 Nc6 3. Nc3 Nf6 4. d4 cxd4 5. Nxd4 e5 6. Ndb5 d6 7. Bg5 a6 8.
Na3 b5 9. Nd5 Be7 10. Bxf6 Bxf6 11. c4 b4 12. Nc2 O-O 13. g3 Bg5 14. Bg2 a5 15.
O-O Ne7 16. b3 Be6 17. Nxe7+ Qxe7 18. Qd3 h5 19. Rad1 h4 20. Ne3 h3 21. Bf3 Qa7
22. Nf5 Rad8 23. Qe2 Qc5 24. Bg4 g6 25. Bxh3 Kh7 26. Bg2 Rh8 {1/2-1/2 Stets,D 
(2416)-Lagarde,M (2575)/Open 2016} 1/2-1/2

[Event "3e Open International des Sables d'Olonn"]
[Site "Les Sables d'Olonne ; France"]
[Date "2016.07.21"]
[Round "8.3"]
[White "Bailet, Pierre"]
[Black "Le Goff, Ronan"]
[Result "1/2-1/2"]
[WhiteElo "2500"]
[BlackElo "2321"]
[PlyCount "159"]
[EventDate "2016.??.??"]

1. e4 e5 2. Nf3 Nc6 3. Bb5 Nf6 4. d3 d6 5. O-O Bd7 6. c4 g6 7. Nc3 Bg7 8. h3
O-O 9. Be3 a6 10. Ba4 Nb8 11. b4 Bxa4 12. Qxa4 Nh5 13. c5 dxc5 14. Bxc5 Re8 15.
Rad1 Nc6 16. Ne2 Qf6 17. Be3 Qd6 18. a3 Nd4 19. Nexd4 exd4 20. Bd2 Bf6 21. Rde1
c6 22. Qc2 Bh8 23. Qc4 Rad8 24. a4 Qe6 25. Qc2 Qd7 26. Qc4 Qe6 27. Rc1 Bf6 28.
b5 Qxc4 29. Rxc4 axb5 30. axb5 cxb5 31. Rb4 Ra8 32. Rfb1 Ra3 33. R1b3 Ra1+ 34.
Rb1 Ra3 35. R4b3 Rea8 36. e5 Be7 37. Nxd4 b4 38. Bxb4 Bxb4 39. Rxb4 Rxd3 40. e6
fxe6 41. Nxe6 Re8 42. Ng5 Rd5 43. Ne4 Rde5 44. f3 R5e6 45. Rxb7 R8e7 46. Rb8+
Kg7 47. Kh2 h6 48. R1b6 Rxb6 49. Rxb6 Nf4 50. h4 Ra7 51. Kg3 Ne2+ 52. Kf2 Nf4
53. Kg3 Ne2+ 54. Kh2 Nf4 55. Rb2 Nd3 56. Rd2 Ne5 57. Rc2 Nd3 58. Kg3 Ne5 59.
Rc3 Rd7 60. Nc5 Ra7 61. Kf4 Nf7 62. Ne6+ Kh7 63. Rc6 Kg8 64. g4 Ra4+ 65. Kg3
Ra7 66. Nf4 g5 67. Ne6 gxh4+ 68. Kxh4 Ne5 69. Rc3 Kf7 70. Nd4 Ra6 71. Nf5 Kg6
72. f4 Nxg4 73. Ne7+ Kf7 74. Rc7 Nf6 75. Nf5+ Kg6 76. Nd4 Nd5 77. f5+ Kf6 78.
Rc6+ Rxc6 79. Nxc6 Kxf5 80. Kh3 1/2-1/2

[Event "3e Open International des Sables d'Olonn"]
[Site "Les Sables d'Olonne ; France"]
[Date "2016.07.21"]
[Round "8.4"]
[White "Chabanon, Jean-Luc"]
[Black "Calistri, Tristan"]
[Result "1-0"]
[WhiteElo "2466"]
[BlackElo "2300"]
[PlyCount "65"]
[EventDate "2016.??.??"]

1. d4 Nf6 2. Nf3 g6 3. c4 Bg7 4. Nc3 d6 5. e4 O-O 6. Be2 e5 7. O-O Nc6 8. d5
Ne7 9. b4 a5 10. bxa5 Rxa5 11. a4 Nd7 12. Ba3 Bh6 13. Bb4 Ra6 14. Nb5 f5 15. c5
fxe4 16. cxd6 cxd6 17. Nd2 Nf6 18. Nc4 Nf5 19. Ra3 Bg7 20. a5 Ne8 21. Nb6 Nd4
22. Nxd4 Rxb6 23. Ne6 Bxe6 24. axb6 Bf7 25. Qc2 Bxd5 26. Bc4 Bxc4 27. Qxc4+ Kh8
28. Qb5 Bh6 29. Rfa1 Ng7 30. Ra8 Qxa8 31. Rxa8 Rxa8 32. g3 Nf5 33. Bxd6 1-0

[Event "3e Open International des Sables d'Olonn"]
[Site "Les Sables d'Olonne ; France"]
[Date "2016.07.21"]
[Round "8.5"]
[White "Pigeat, Alexandre"]
[Black "Okhotnik, Vladimir"]
[Result "1-0"]
[WhiteElo "2277"]
[BlackElo "2454"]
[PlyCount "97"]
[EventDate "2016.??.??"]

1. d4 d6 2. e4 Nf6 3. f3 e5 4. d5 Be7 5. Be3 O-O 6. c4 a5 7. Nc3 Bd7 8. a3 Na6
9. Bd3 Nh5 10. Nge2 Bh4+ 11. g3 Bg5 12. Qd2 Bxe3 13. Qxe3 Nc5 14. Bc2 f5 15.
Kd2 f4 16. gxf4 Nxf4 17. Nxf4 Rxf4 18. Ne2 Rf7 19. Rag1 Qh4 20. Rg3 g6 21. Nc1
Raf8 22. b4 axb4 23. axb4 Na6 24. Nd3 b6 25. Bd1 Nb8 26. Be2 Bc8 27. Nf2 Rf4
28. Nd3 Qf6 29. Ne1 c5 30. b5 Qg7 31. h4 Qa7 32. h5 R8f6 33. Qc3 Qf7 34. Ng2
Nd7 35. Nxf4 exf4 36. hxg6 Rxg6 37. Rxg6+ Qxg6 38. Qa1 Kf7 39. Qh8 Nf8 40. e5
dxe5 41. Qxe5 Bf5 42. Qxf4 Qf6 43. Bd3 Bxd3 44. Qxf6+ Kxf6 45. Kxd3 Kg6 46. Ke4
h5 47. Ke5 Kg5 48. Rg1+ Kh4 49. Kf4 1-0